00581nam a22002057a 450000500170000001000130001702000210003003500130005103700160006404000120008008200170009210000160010924500460012526000650017127000230023630000280025950000410028765000280032865000190035620170124110016.0 aA-798239 c38.00a812301789 aA-798239 bCen Lib/Ret aDPLbEN a333.783bBIS aBisht, R.S. aNational parks of india /cby R.S. Bisht  bMinistary of Information and Broadcasting c1995aNew Delhi  bNew Delhi e110001 a136p. ;c20cm(Hb)bill. aIncludes bibliographical references  aNational parks zIndia  aWilds animals